=LDR 00000nam 2200000 4500 =001 INLIS000000000018523 =005 20130612113709 =008 ***********************************ind** =035 ##$$a0010-061300000018523 =041 ##$$a ind =082 ##$$a 575.15 =090 ##$$a 575.15, sUD S =100 ##$$a SURYO, H =245 ##$$a Sitogenetika , H. Suryo =260 ##$$a 1995 $b Yogyakarta =300 ##$$a xiv, 446 hlm, ilus, 22 cm =850 ##$$aaGENETIKA SEL =990 ##$$a 91958/BPAP-NTB/2014 =990 ##$$a 93263/BPAP-NTB/2014 =990 ##$$a 0001/BPAP-NTB/20142014